Bibliografía eclesiástica chilena

Wedi'i Gadw mewn:
Manylion Llyfryddiaeth
Awdur Corfforaethol: Pontificia Universidad Católica de Chile (Awdur)
Fformat: Llyfr
Iaith:Sbaeneg
Cyhoeddwyd: Santiago Universidad Católica 1959
Pynciau:
Tagiau: Ychwanegu Tag
Dim Tagiau, Byddwch y cyntaf i dagio'r cofnod hwn!

MARC

LEADER 00000nam a2200000 a 4500
001 UCV2002
003 CL-VaPUC
008 910820e19590000CL |||||||||||||||||spa|d
082 0 4 |a 016.283  |b PON  |2 21 
110 2 |a Pontificia Universidad Católica de Chile  |e author  |9 296184 
245 1 0 |a Bibliografía eclesiástica chilena 
300 |a 358 p 
942 |c BK 
945 |d 19910820 00:00:00 
260 |a Santiago  |b Universidad Católica  |c 1959 
650 0 |a Clero  |9 257091 
650 0 |a Bibliografías   |9 257071 
650 7 |a HISTORIA ECLESIASTICA  |2 CL-VaPUC  |9 296185 
651 7 |a CHILE  |2 CL-VaPUC  |9 296186 
583 |a last modification  |c 20180423 11:50:20  |k Rodrigo Vera 
999 |c 209701  |d 209699 
952 |0 0  |1 0  |4 0  |6 016_283000000000000_PON_1959  |7 0  |8 DER_HDC  |9 185318  |a BIBDER  |b BIBDER  |d 2019-11-14  |i 2528304  |o 016.283 PON 1959  |p 2528304  |r 2023-01-25  |w 2019-11-14  |x Ubicación 4to Piso  |y BK_X  |z Estos recursos deben solicitarse con anticipación  |k DER 
952 |0 0  |1 2  |4 0  |6 016_283000000000000_PON_1959  |7 0  |8 A  |9 185319  |a BIBTEO  |b BIBTEO  |d 2019-11-14  |i 2090724  |o 016.283 PON 1959  |p 2090724  |r 2019-11-14  |w 2019-11-14  |x Descarte 2019  |y BK  |k ICR